000 00290nam a22001337a 4500
008 170201b xxu||||| |||| 00| 0 eng d
020 _a9781437705706
041 _aeng
080 _a61
100 _a3
101 _ashm
245 _aTHE LANGUEGE OF MEDICINE
_cGHABNER.DE
942 _2udc
_cBK
999 _c4198
_d4198